Document d'impacte del programa Escolta Jove
Descripción Física:
34 pàgs. ; il·lustracions color ; 30 cm.
Otros Autores:
Abad Digón, Vanessa
,
Espuña Viñas, Eva
,
Barraquer Artís, Andrea
,
Gimenez Ferrer, Montserrat
,
Pescador, Roberto
Materias:
Política de la joventut
Idioma:
Catalán
MARC
| LEADER | 00000nam a22000007a 4500 | ||
|---|---|---|---|
| 001 | 28373 | ||
| 003 | AGDB | ||
| 005 | 20260324181521.0 | ||
| 008 | 240108b spa||||| |||| 00| 0 cat d | ||
| 017 | |a B 6720-2023 | ||
| 040 | |a agdb |b cat | ||
| 245 | |a Document d'impacte del programa Escolta Jove | ||
| 250 | |a 1a edició : |b març de 2023 | ||
| 260 | |a Barcelona : |b Diputació de Barcelona ; |c 2023 | ||
| 300 | |a 34 pàgs. ; |b il·lustracions color ; |c 30 cm. | ||
| 650 | 0 | |9 20537 |a Política de la joventut | |
| 700 | |9 70090 |a Abad Digón, Vanessa |e autor | ||
| 700 | |9 70091 |a Espuña Viñas, Eva |e autor | ||
| 700 | |9 70092 |a Barraquer Artís, Andrea |e autor | ||
| 700 | |9 70093 |a Gimenez Ferrer, Montserrat |e autor | ||
| 700 | |9 70012 |a Pescador, Roberto |e autor | ||
| 710 | |9 56130 |a Barcelona (Catalunya : Província). |b Àrea d'Educació, Esports i Joventut |e direcció i coord. tècnica | ||
| 856 | 4 | 0 | |u https://www.diba.cat/documents/359654439/379012913/Escolta_Jove.pdf/1f8c6762-0406-994f-754c-f766e565e27a?t=1678275054773 |y Accés lliure |
| 942 | |2 udc |c ARXIU |n 1 | ||
| 952 | |0 0 |1 0 |4 0 |6 FU7636 |7 1 |9 96596 |a Arxiu |b Arxiu |d 2024-01-08 |l 0 |o FU-76-36 |p 28373 |r 2024-01-08 00:00:00 |w 2024-01-08 |y ARXIU | ||
| 999 | |c 128440 |d 128440 | ||